| 000 | 00557nam a22002057a 4500 | ||
|---|---|---|---|
| 003 | OSt | ||
| 005 | 20140310184426.0 | ||
| 008 | 131008t xxu||||| |||| 00| 0 eng d | ||
| 020 | _a9780545150613 | ||
| 050 |
_aPZ 7 _b.St857Tssc 2010 |
||
| 100 | _aStilton, Geronimo | ||
| 245 |
_aThe Stilton and the secret city / _bGeronimo Stilton. |
||
| 260 |
_aNew York : _bScholastic Inc., _c2010 |
||
| 300 |
_a161 p. : _bill. col. ; _c20 cm. |
||
| 521 | _aG4 | ||
| 526 | _c620 | ||
| 650 |
_aFiction _xJuvenile _926638 |
||
| 942 |
_2lcc _cBK-SCHOLAS |
||
| 999 |
_c34314 _d34314 |
||